Principles And Practice Of Management (Record no. 320658)

MARC details
000 -LEADER
fixed length control field 00431nam a2200169Ia 4500
008 - FIXED-LENGTH DATA ELEMENTS--GENERAL INFORMATION
fixed length control field 230718s9999 xx 000 0 und d
041 ## - LANGUAGE CODE
Language code of text/sound track or separate title eng
082 ## - DEWEY DECIMAL CLASSIFICATION NUMBER
Classification number 658
Item number SHE
100 ## - MAIN ENTRY--PERSONAL NAME
Personal name Shejwalkar P.C.
245 ## - TITLE STATEMENT
Title Principles And Practice Of Management
250 ## - EDITION STATEMENT
Edition statement 17th ed.
260 ## - PUBLICATION, DISTRIBUTION, ETC. (IMPRINT)
Date of publication, distribution, etc. 2008
Name of publisher, distributor, etc. Everest
300 ## - PHYSICAL DESCRIPTION
Extent 285
365 ## - TRADE PRICE
Currency code Rs.
Price amount 190.00
700 ## - ADDED ENTRY--PERSONAL NAME
Personal name Shejwalkar P.C. & & Others
906 ## - LOCAL DATA ELEMENT F, LDF (RLIN)
d B:703512-Dec-2008
c SS
b 68.4
Holdings
Withdrawn status Lost status Damaged status Not for loan Home library Current library Date acquired Vendor Budget Code Cost, normal purchase price Bill number Total Checkouts Full call number Barcode Date last seen Discount Cost, replacement price Bill Date Koha item type Original Barcode
        Cummins College of Engineering for Women Pune Cummins College of Engineering for Women Pune 03/03/2009 Varma Book Distributors SS 167.20 7035   658 CCEP-BK-31865 18/07/2023 68.4 190.00 12/12/2008 Books 031865